Statystyki dla Odpowiedź Zaczyna się na "U"

Kliknij tutaj aby rozwiązać quiz!

Ogólne statystyki

  • Ten quiz został rozwiązany 4 984 razy
  • Średni wynik to 17 z 30

Statystyki odpowiedzi

Lp.PytanieOdpowiedź% Poprawnych
2Stolicą którego kraju jest Kijów?Ukraina
100%
1Jaką nazwę nosi siódma od słońca planeta naszego układu słonecznego?Uran
100%
21Jak ma na imię siostra Agnieszki Radwańskiej?Urszula
95%
5Jaką nazwę nosi międzynarodowa organizacja gospodarcza do której dołączyła Polska w 2004 roku?Unia Europejska
93%
11Stolicą którego kraju jest Montevideo?Urugwaj
87%
12Które góry stanowią umowną wschodnią granicę między Azją a Europą?Ural
84%
18Jaką nazwą określa się miejsce, gdzie rzeka wpływa do morza, jeziora lub do większej rzeki?Ujście
79%
16Jakim terminem określa się proces powstawania i rozwoju miast na jakimś terenie, powiększania się obszarów miejskich?Urbanizacja
79%
17Jakim terminem określa się akt prawny o charakterze ogólnym, powszechnie obowiązujący, uchwalony przez parlament i prezydenta?Ustawa
77%
14Podaj imię i nazwisko jamajskiego lekkoatlety, wielokrotnego mistrza olimpijskiego tzw. "najszybszego człowieka świata".Usain Bolt
75%
30Stolicą, której byłej republiki ZSSR jest Taszkent?Uzbekistan
75%
3Które miasto jest stolicą Mongolii?Ułan Bator
74%
19Rozwiń skrót UW.Uniwersytet Warszawski
68%
7Jaką nazwą określa się ideał społeczeństwa szczęśliwego jak również ideologię postulująca stworzenie takiego społeczeństwa?Utopia
67%
4Jak miał na imię wielki mistrz zakony krzyżackiego, który poległ w bitwie pod Grunwaldem?Urlyk
64%
24We fladze, którego kraju znajduje się ptak -koronnik szary?Uganda
60%
25Stolicą którego amerykańskiego stanu jest Salt Lake City?Utah
57%
28Jaką nazwę nosi francuski producent gier video odpowiedzialny między innymi za serię Rayman czy Assassin's Creed?Ubisoft
49%
6Jaką nazwę nosi niemiecka część wyspy Wolin?Uznam
46%
29Jaką nazwę nosi amerykańska organizacja mieszanych sztuk walki założona w 1993 roku?Ultimate Fighting Championship
45%
13Jaką nazwę nosi barwny koralowiec niewytwarzający szkieletu, przypominający kształtem kielich zakończony wypustkami?Ukwiał
44%
22Wokalistą, którego zespołu jest Paul David Hewson?U2
43%
26Jak określa się pole wyłączone z rolniczego użytkowania?Ugór
41%
27Jaką nazwę nosi jeden z czterech turniejów zaliczanych do Wielkiego Szlema, rozgrywany w Stanach Zjednoczonych od 1881 roku?US Open
37%
10Który papież był inicjatorem wypraw krzyżowych w celu odbicia grobu chrystusowego z rąk niewiernych?Urban II
26%
20Jaką nazwą określa się utwór orkiestrowy skomponowany jako wstęp do opery, oratorium?Uwertura
24%
23Jaką nazwą określa się postawę zwana też "filozofią zdrowego rozsądku" według której najwyższym dobrem jest pożytek jednostki lub społeczeństwa?Utylitaryzm
17%
15Jaką nazwę nosił proces nadawania ziemi chłopom, którą wcześniej jedynie dzierżawili?Uwłaszczanie
13%
8Jaką nazwę nosi postawa i poglądy uznające dominację całości nad częściami, ogółu nad jednostkami itp?Uniwersalizm
8%
9Podaj imię i nazwisko niemieckiego reżysera określanego mianem "współczesnego Ed'a Wood'a, kręcącego głównie filmy oparta na grach video?Uwe Boll
5%

Rozkład punktacji

Percentyl według liczby udzielonych odpowiedzi

Procent ludzi z każdym wynikiem

Twoja historia wyników

Nie rozwiązałeś tego quizu